| 000 | 00931cam a2200277Ia 4500 | ||
|---|---|---|---|
| 001 | sjds51798762 | ||
| 003 | sjds | ||
| 005 | 20240502201027.0 | ||
| 008 | 030305s2002 mx a j 000 1 spa d | ||
| 020 | _a9706434097 | ||
| 020 | _a9789706434098 | ||
| 040 |
_aJRK _cJRK _dOCLCQ |
||
| 041 | _aspa | ||
| 100 | 1 |
_aCervantes Saavedra, Miguel de, _d1547-1616. |
|
| 245 | 1 | 3 |
_aEl Quijote de la Mancha / _cMiguel de Cervantes Saavadra. |
| 246 | _aEl Quijote de la Mancha | ||
| 260 |
_aMexico, D.F. : _bSelector, _cc2002. |
||
| 300 |
_a77 p. : _bill. ; _c19 cm. |
||
| 490 | 1 | _aClasicos para ninos. | |
| 650 | 0 |
_aDon Quixote (Fictitious character) _vJuvenile fiction. |
|
| 650 | 0 |
_aHistorical fiction _vJuvenile fiction. |
|
| 651 | 0 |
_aSpain _xSocial life and customs _y16th century _vJuvenile fiction. |
|
| 651 | 7 |
_aEspana _xVida social y costumbres _vNovela juvenil. _2bidex. |
|
| 830 | 0 | _aColeccion Clasicos para ninos. | |
| 942 | _cBK | ||
| 999 |
_c29701 _d29699 |
||